Hút thuốc lá làm tăng gấp đôi nguy cơ đột quị ở phụ nữ /

محفوظ في:
التفاصيل البيبلوغرافية
المؤلف الرئيسي: H. V.
التنسيق: مقال
اللغة:Vietnamese
الموضوعات:
الوسوم: إضافة وسم
لا توجد وسوم, كن أول من يضع وسما على هذه التسجيلة!
Thư viện lưu trữ: Thư viện Trường Đại học Đà Lạt
LEADER 00732nam a2200265 4500
001 DLU100110534
005 ##20100809
040 # # |a DLU  |b vie 
041 # # |a vie 
044 # # |a vn 
100 # # |a H. V. 
245 # # |a Hút thuốc lá làm tăng gấp đôi nguy cơ đột quị ở phụ nữ /  |c H.V. 
653 # # |a Nhiễm độc 
653 # # |a Tử vong 
653 # # |a Thuốc lá 
773 # # |t AIDS và cộng đồng  |g Số9(116), 2008, tr. 30 
920 # # |a Phòng Tạp chí -- Trung tâm Thông tin - Thư viện Trường Đại học Đà Lạt 
994 # # |a DLU 
900 # # |a True 
911 # # |a Nguyễn Thị Linh Chi 
925 # # |a G 
926 # # |a A 
927 # # |a BB 
980 # # |a Thư viện Trường Đại học Đà Lạt